| 000 | 01187cam a2200277 4500 | ||
|---|---|---|---|
| 001 | ABS64080 | ||
| 008 | 000000n2001 000 0 eng u | ||
| 035 | _a(Sirsi) u113125 | ||
| 100 | _aLewis, S. | ||
| 245 | _aLife in the fast lane | ||
| 260 | _c2001 | ||
| 490 |
_aBuilding _v266(8187) 1 June 2001, 50-51(2) |
||
| 520 | _aConsiders the circumstances where it is possible for the contractor to recover the costs of acceleration following a delay caused by the client who has refused to grant an extension of time. Concludes that it must be shown that the architect has negligently undercertified the value of the works undertaken and the employer has urged completion within the original programme, referring to relevant case law. | ||
| 590 | _aABS | ||
| 650 | _aACCELERATION | ||
| 650 | _aARCHITECTS' NEGLIGENCE | ||
| 650 | _aBUILT ENVIRONMENT-BUILDING CONTRACT FORMS | ||
| 650 | _aBUILT ENVIRONMENT-BUILDING CONTRACT FORMS | ||
| 650 | _aDELAYS | ||
| 650 | _aEXTENSIONS OF TIME | ||
| 650 | _aPACIFIC ASSOCIATES INC V BAXTER | ||
| 650 | _aPERINI CORPORATION V COMMONWEALTH OF AUSTRALIA | ||
| 650 | _aRECOVERY OF COSTS | ||
| 690 | _aBUILT ENVIRONMENT | ||
| 942 | _n0 | ||
| 999 |
_c67348 _d67348 |
||